[Event "Chioggia op 1st"]
[Site "Chioggia"]
[Date "2006.02.05"]
[Round "6"]
[White "Cruccu, Alberto"]
[Black "Doro, Fulvio"]
[Result "1-0"]
[WhiteElo "1440"]
[BlackElo "1691"]
[PlyCount "73"]
[EventDate "2006.01.28"]
[EventType "swiss"]
[EventRounds "6"]
[EventCountry "ITA"]
[SourceTitle "EXT 2022"]
[Source "ChessBase"]
[SourceDate "2021.10.06"]
[SourceVersion "1"]
[SourceVersionDate "2021.10.06"]
[SourceQuality "1"]

1. e4 c5 2. Nf3 d6 3. Bc4 Nf6 4. Nc3 e6 5. d4 cxd4 6. Nxd4 Nc6 7. Nxc6 bxc6 8. 0-0 Be7 9. Bf4 e5 10. Bg3 0-0 11. h3 Re8 12. Qe2 Qb6 13. Bb3 Ba6 14. Bc4 Bxc4 15. Qxc4 Qxb2 16. Rab1 Qxc2 17. Rfc1 Qd2 18. Rd1 Qh6 19. Rb7 Nh5 20. Qxc6 Rac8 21. Rc7 Qe6 22. Nd5 Bf8 23. Rc1 Rb8 24. Rxa7 Rec8 25. Rc7 Rxc7 26. Qxc7 Re8 27. a4 f5 28. Qc6 Qf7 29. exf5 Nxg3 30. fxg3 e4 31. g4 e3 32. Nf4 e2 33. Ne6 Qa7+ 34. Kh2 Rxe6 35. fxe6 Qf2 36. Qf3 Qd4 37. Qf7+ 1-0